000 00347nam a22001457a 4500
008 210308b ||||| |||| 00| 0 eng d
020 _a978013354417
041 _aeng
080 _a33
_b33
082 _233
100 _a59
101 _aBIZ
245 _aExellence in Business Communication
_cJohn V. Thill Courtland L.Bovee
942 _2udc
_cBK
999 _c55978
_d55978